000 00889nam a22001817a 4500
999 _c59248
_d59248
003 Ge_BSU
005 20221223115333.0
008 221223s1978ge xxu||||| |||| 00| 0 geo d
041 _ageo
080 _a821.353.1-31 ზ-44
100 _aზედგინიძე, ელიზბარ, ავტ.
_916545
245 _aგაზაფხული დაიწყო ადრე :
_bრომანი /
_c ელიზბარ ზედგინიძე, რედ. თამილა ცინცაძე
264 _aთბილისი :
_bსაბჭ. საქართველო,
_c1978.
300 _a508 გვ. :
_b 1 ფ. პორტრ. ;
_c 21 სმ.
653 _aგაზაფხული დაიწყო ადრე : რომანი.
700 _a ცინცაძე, თამილა
_eრედაქტორი
_916546
942 _2udc
_cBK